000 00193nam a22001097a 4500
040 _cSY
100 _aNA
245 _aMission report.
260 _aFAO
_bNA
_c2010
300 _a50p.
942 _cEB
999 _c8615
_d8615